| 000 | 00765nam a2200253 i 4500 | ||
|---|---|---|---|
| 003 | DO-SdBNP | ||
| 005 | 20240826154721.0 | ||
| 007 | ta | ||
| 008 | 240826b2001 ck a|||| |||| 00| 0 spa d | ||
| 020 | _a9586692507 | ||
| 040 |
_aDO-SdBNP _bspa _cBNPHU _erda |
||
| 082 | 4 | _222 | |
| 100 |
_aRestrepo Pino, Augusto, _eautor _986417 |
||
| 245 | 1 | 0 |
_aEtica y valores 4 : _bpara el servicio de la comunidad / _cAugusto Restrepo Pino |
| 264 |
_aBogotá, Colombia : _beditora Paulinas ; _c2001. |
||
| 300 |
_a111 páginas : _bilustraciones ; _c23 cm. |
||
| 336 |
_2rdacontent _atexto _btxt |
||
| 337 |
_2rdamedia _asin mediación _bn |
||
| 338 |
_2rdacarrier _avolumen _bnc |
||
| 490 | _aActuar | ||
| 590 | _aInventariado, 2024/BT | ||
| 910 | _aBtavárez | ||
| 942 |
_2ddc _cLBS1 |
||
| 999 |
_c57554 _d57554 |
||